how well do you know seventeen - Statistics

General Stats
  • This quiz has been taken 2,152 times
  • The average score is 26 of 29
Answer Stats
question Answer % Correct
who's the maknae dino
100%
who made the choreography for 'jam jam' dino.
100%
who is the leader of seventeen scoups
100%
who was supposed to debut with NU'EST s.coups
100%
who choreographs most of seventeens dances hoshi
98%
who is the leader of the performance team hoshi
98%
who can speak 5 different languages joshua
98%
who was an actor in china jun
98%
who has the last name 'kim' mingyu
98%
who's the tallest member mingyu
98%
who is the visual mingyu
98%
who's the shortest member woozi
98%
who is the mother of seventeen jeonghan
97%
how many units are there 3
95%
who has the most nicknames seungkwan
95%
who is from jeju seungkwan.
95%
who's seventeens mood maker seungkwan..
95%
whats seventeens fandom name carat
93%
who is the cleanest in the group wonwoo
93%
who is scared of dogs wonwoo
93%
who gets scared the easiest vernon
88%
who is a harry potter fan vernon
88%
what was their debut song adore u
87%
what unit is the8 in performance
87%
what is vernons real name hansol
85%
how many former members are there (from trainees) 4
70%
who speaks english joshua and vernon
65%
who is meanie? mingyu and wonwoo
40%
what is the latest album called (2017-2018) teen age
30%
No matching quizzes found
Score Distribution
Percent of People with Each Score
Percentile by Number Answered
Your Score History
You have not taken this quiz